Indian Economics : (Record no. 3587)

MARC details
000 -LEADER
fixed length control field 00547cam a2200205ua 4500
001 - CONTROL NUMBER
control field 3763
005 - DATE AND TIME OF LATEST TRANSACTION
control field 20260515113727.0
008 - FIXED-LENGTH DATA ELEMENTS--GENERAL INFORMATION
fixed length control field 111222n ii |||gr||||Z||||||eng
040 ## - CATALOGING SOURCE
Transcribing agency MAIN
082 ## - DEWEY DECIMAL CLASSIFICATION NUMBER
Classification number 330.954
100 ## - MAIN ENTRY--PERSONAL NAME
Personal name Dewett, K. K.,
Relator term Author.
245 11 - TITLE STATEMENT
Title Indian Economics :
Remainder of title a development oriented study /
Statement of responsibility, etc. by K. K. Dewett
250 ## - EDITION STATEMENT
Edition statement 33rd.
260 ## - PUBLICATION, DISTRIBUTION, ETC.
Place of publication, distribution, etc. New Delhi:
Name of publisher, distributor, etc. S. Chand & company ltd.,986.
300 ## - PHYSICAL DESCRIPTION
Extent 955p:
Dimensions 23cm.
653 ## - INDEX TERM--UNCONTROLLED
Uncontrolled term Economics
653 ## - INDEX TERM--UNCONTROLLED
Uncontrolled term Indian Economics
700 ## - ADDED ENTRY--PERSONAL NAME
Personal name Varma, J. D.,
Relator term Author.
942 ## - ADDED ENTRY ELEMENTS (KOHA)
Koha item type Books
Holdings
Withdrawn status Lost status Damaged status Not for loan Home library Current library Shelving location Date acquired Total checkouts Full call number Barcode Date last seen Copy number Price effective from Koha item type
        Naharkatiya College Library Naharkatiya College Library General stacks 09/19/2020   330.954 | DEW 2445(A) 09/19/2020 1 09/19/2020 Books